000
00318pam a2200133 a 4500
020
_c
041
_a
eng
082
_b
GHA
100
_a
GHANEKAR.
245
_a
SAHKARI CHALVALICHE 100 VARSHACHE AVALIKAN VA NAVI AVHANE
_h
Textual Documents
260
_a
[s.l]:
_b
Rural Development
300
_a
128p.
930
_a
2365
999
_c
79289
_d
79289